| 000 | 00749nam a22002297a 4500 | ||
|---|---|---|---|
| 999 |
_c5239 _d5239 |
||
| 003 | AR-CdUCM | ||
| 008 | 190312b ||||| |||| 00| 0 spa d | ||
| 040 |
_aMUNICIPALIDAD PROVINCIAL DEL CUSCO _cBIBLIOTECA MUNICIPAL DEL CUSCO |
||
| 082 |
_a913.85 / _bG98 |
||
| 100 |
_aGutiérrez Pareja, Salustio, _915880 |
||
| 245 | _aCiudades ocultas del Cusco milenario / | ||
| 260 |
_aCusco : _bEdit. Andina, |
||
| 300 |
_a90 paginas ; _c21 cm. |
||
| 500 | _aDonación familia Nieto | ||
| 505 | _aContenido :Calca --Huchuy Qosqo --Ankasmarca --Antawala --Llukumarka --Auqani ... | ||
| 650 |
_aCiudades y pueblos _915356 |
||
| 650 |
_aEpoca Prehispánica _92714 |
||
| 650 |
_aPerú _935 |
||
| 650 |
_aCusco _9772 |
||
| 942 |
_2ddc _cLIBROS |
||
| 945 | _arjall | ||